Superheroes with the Most Theatrical Appearances - Statistics

General Stats
  • This quiz has been taken 40 times
  • The average score is 11 of 16
Answer Stats
First Most Recent Franchises # % Correct
1966 2025 Batman / Bruce Wayne 25
100%
1951 2025 Superman / Clark Kent 19
100%
2008 2019 Captain America / Steve Rogers 12
97%
2008 2019 Iron Man / Tony Stark 11
97%
2003 2021 Hulk / Bruce Banner 10
92%
2002 2024 Spider-Man / Peter Parker 16
89%
2011 2024 Thor 10
87%
2014 2023 Wonder Woman / Diana Prince 12
87%
2010 2021 Black Widow / Natasha Romanoff 11
79%
2000 2024 Wolverine / Logan 12
74%
2000 2022 Professor X / Charles Xavier 12
55%
1966 2025 Joker / Jack Napier / Arthur Fleck 16
37%
2008 2023 Nick Fury 12
34%
2011 2025 Bucky Barnes / Winter Soldier 10
26%
1978 2025 Lex Luthor 11
26%
1951 2025 Lois Lane 11
18%
No matching quizzes found
Score Distribution
Percent of People with Each Score
Percentile by Number Answered
Your Score History
You have not taken this quiz